书目信息 |
| 书名: | Principles of electric circuits | |
| 作者: | ||
| 分册号: | ||
| 分册名: | 出版地: | Upper Saddle River, N.J. : |
|
| 出版社: | Prentice Hall | |
| 出版时间: | c2003. | |
| 页数: | xv, 992 p. : | |
| 开本: | 29 cm. + | |
| 丛书名: | ||
| 中图分类号: | ||
| 科图分类号: | ||
| 其他分类号: | TM13 | |
| 主题词: | ||
| 电子资源: | ||
| 000 | 01022cam a2200265 a 450 | |
| 001 | E0733008816 | |
| 005 | 20070707091231.25 | |
| 008 | 020124s2003 njua 001 0 eng | |
| 010 | @a2002019608 | |
| 020 | @a0130985767 (alk. paper). | |
| 040 | @aDLC@cDLC@dDLC | |
| 050 | 00 | @aTK454@b.F56 2003 |
| 082 | 00 | @a621.319/2@2 21 |
| 090 | @aTM13 | |
| 099 | @dTM13@ex6=7 | |
| 100 | 1 | @aFloyd, Thomas L. |
| 245 | 10 | @aPrinciples of electric circuits :@bThomas L. Floyd. |
| 250 | @a7th ed. | |
| 260 | @aUpper Saddle River, N.J. :@bPrentice Hall,@cc2003. | |
| 300 | @axv, 992 p. :@bill. (some col.) ;@c29 cm. +@e1 CD-ROM (4 3/4 in.). | |
| 500 | @aIncludes index. | |
| 650 | 0 | @aElectric circuits. |
| 906 | @a7@bcbc@corignew@d1@eocip@f20@gy-gencatlg | |
| 925 | 0 | @aacquire@b1 shelf copies@xpolicy default |
| 955 | @apv19 2002-01-24 to ASCD@cjf07 2002-01-28 to subject@djg12 2002-01-28@ejf25 2002-01-28 to Dewey@aaa07 2002-01-30@aps16 2002-06-01 bk rec’d, to CIP ver.@ajg00 2002-06-11@fjg14 2002-11-15@gjg01 2003-01-28 to BCCD | |
| Principles of electric circuits : : Thomas L. Floyd.-7th ed.-Upper Saddle River, N.J. : : Prentice Hall, , c2003. |
| xv, 992 p. : : ill. (some col.) ; ; 29 cm. + + 1 CD-ROM (4 3/4 in.). |
| Includes index. |
| ISBN 0130985767 (alk. paper). |
| ● |
| 相关链接 |
|
|
|
|
正题名:Principles of electric circuits
索取号:TM13/x6=7
 
预约/预借
| 序号 | 登录号 | 条形码 | 馆藏地/架位号 | 状态 | 备注 |
| 1 | 12437 | 300124372 | 第二样本阅览室/ [索取号:TM13/x6=7] | 在馆 | |
| 2 | 12438 | 300124381 | 第四借阅区/ [索取号:TM13/x6=7] | 在馆 |